000 00397nam a2200133Ia 4500
008 220217s9999||||xx |||||||||||||| ||und||
020 _a978-81-317-1571-0
082 _a005.14 MAR
100 _aMarick, Brian
245 0 _aCraft of software Testing: subsystem testing including objec
260 _aPearson education of asia
_bNew Delhi
_c2008
300 _b425
650 _aSOFTWARE TESTING
999 _c178131
_d178131